[Event "45th FIDE Chess Olympiad Open"]
[Site "Budapest, Hungary"]
[Date "2024.09.20"]
[Round "9"]
[White "Heim, Colin Peter"]
[Black "Mahendra Gurung"]
[Result "0-1"]
[Board "354"]
[WhiteFideId "6800637"]
[BlackFideId "17501300"]
[WhiteElo "1751"]
[BlackElo "1725"]
[WhiteTeam "US Virgin Islands"]
[BlackTeam "Bhutan"]
[WhiteClock "0:02:06"]
[BlackClock "1:31:36"]
[Variant "Standard"]

1. e4 {[%clk 1:30:56]}  e5 {[%clk 1:30:48]} 2. Nf3 {[%clk 1:31:18]}  Nc6 {[%clk 1:30:58]} 3. Bb5 {[%clk 1:31:40]}  Nd4 {[%clk 1:29:15]} 4. Nxd4 {[%clk 1:31:56]}  exd4 {[%clk 1:29:17]} 5. c3 {[%clk 1:32:04]}  Bc5 {[%clk 1:29:11]} 6. b4 {[%clk 1:32:10]}  Bb6 {[%clk 1:28:55]} 7. c4 {[%clk 1:32:19]}  c5 {[%clk 1:29:06]} 8. a3 {[%clk 1:31:19]}  Qe7 {[%clk 1:29:02]} 9. d3 {[%clk 1:28:57]}  cxb4 {[%clk 1:28:10]} 10. axb4 {[%clk 1:29:14]}  Qxb4+ {[%clk 1:28:26]} 11. Qd2 {[%clk 1:29:34]}  Qxd2+ {[%clk 1:27:16]} 12. Nxd2 {[%clk 1:29:52]}  Ne7 {[%clk 1:27:21]} 13. Nb3 {[%clk 1:29:57]}  Nc6 {[%clk 1:27:05]} 14. c5 {[%clk 1:29:37]}  Bd8 {[%clk 1:26:54]} 15. Bxc6 {[%clk 1:29:47]}  dxc6 {[%clk 1:27:01]} 16. Bb2 {[%clk 1:29:50]}  O-O {[%clk 1:27:02]} 17. Bxd4 {[%clk 1:30:06]}  Be6 {[%clk 1:26:51]} 18. Nd2 {[%clk 1:27:25]}  a5 {[%clk 1:26:40]} 19. f4 {[%clk 1:25:15]}  f5 {[%clk 1:26:03]} 20. e5 {[%clk 1:24:33]}  Be7 {[%clk 1:26:01]} 21. Be3 {[%clk 1:21:26]}  a4 {[%clk 1:25:57]} 22. O-O {[%clk 1:21:14]}  a3 {[%clk 1:25:46]} 23. Rfb1 {[%clk 1:20:37]}  Ra7 {[%clk 1:25:34]} 24. Nb3 {[%clk 1:18:56]}  Rd8 {[%clk 1:24:26]} 25. d4 {[%clk 1:16:13]}  a2 {[%clk 1:23:12]} 26. Rb2 {[%clk 1:12:37]}  Rda8 {[%clk 1:20:35]} 27. Nc1 {[%clk 1:00:33]}  Ra3 {[%clk 1:19:26]} 28. Bd2 {[%clk 0:57:04]}  R8a7 {[%clk 1:19:24]} 29. Kf2 {[%clk 0:46:48]}  h6 {[%clk 1:18:43]} 30. Ke1 {[%clk 0:38:27]}  g5 {[%clk 1:18:52]} 31. Ne2 {[%clk 0:27:03]}  Kf7 {[%clk 1:13:30]} 32. Bb4 {[%clk 0:23:15]}  Re3 {[%clk 1:10:19]} 33. Kf2 {[%clk 0:13:35]}  Re4 {[%clk 1:09:41]} 34. g3 {[%clk 0:13:43]}  gxf4 {[%clk 1:09:08]} 35. gxf4 {[%clk 0:11:57]}  Bh4+ {[%clk 1:09:22]} 36. Kg2 {[%clk 0:06:51]}  Bd5 {[%clk 1:09:21]} 37. Kh3 {[%clk 0:06:50]}  Bf2 {[%clk 1:08:39]} 38. Ng3 {[%clk 0:03:58]}  Rxf4 {[%clk 1:08:37]} 39. Bd2 {[%clk 0:02:15]}  Rxd4 {[%clk 1:07:56]} 40. Bxh6 {[%clk 0:00:52]}  Bxg3 {[%clk 1:07:43]} 41. hxg3 {[%clk 0:28:35]}  Rc4 {[%clk 1:36:45]} 42. Rbxa2 {[%clk 0:27:30]}  Rxa2 {[%clk 1:36:23]} 43. Rxa2 {[%clk 0:27:59]}  Rxc5 {[%clk 1:36:39]} 44. Ra7 {[%clk 0:26:43]}  Rb5 {[%clk 1:36:56]} 45. Ra8 {[%clk 0:26:43]}  Rb1 {[%clk 1:37:10]} 46. Rf8+ {[%clk 0:26:22]}  Kg6 {[%clk 1:37:27]} 47. Rf6+ {[%clk 0:25:40]}  Kh7 {[%clk 1:37:21]} 48. Kh4 {[%clk 0:20:34]}  b5 {[%clk 1:33:30]} 49. Kg5 {[%clk 0:16:05]}  Rg1 {[%clk 1:33:32]} 50. Kf4 {[%clk 0:15:47]}  Rf1+ {[%clk 1:33:34]} 51. Kg5 {[%clk 0:14:09]}  Rg1 {[%clk 1:33:12]} 52. Kf4 {[%clk 0:11:28]}  Rf1+ {[%clk 1:33:18]} 53. Kg5 {[%clk 0:11:52]}  Rf3 {[%clk 1:33:09]} 54. Kh4 {[%clk 0:10:27]}  Rf1 {[%clk 1:33:03]} 55. Bf4 {[%clk 0:06:34]}  Re1 {[%clk 1:33:08]} 56. Kg5 {[%clk 0:06:15]}  b4 {[%clk 1:33:13]} 57. Rd6 {[%clk 0:04:54]}  Kg7 {[%clk 1:33:06]} 58. Kxf5 {[%clk 0:04:01]}  Kf7 {[%clk 1:33:09]} 59. Rd7+ {[%clk 0:04:08]}  Ke8 {[%clk 1:33:09]} 60. Rb7 {[%clk 0:03:58]}  b3 {[%clk 1:33:28]} 61. Bd2 {[%clk 0:04:09]}  Rd1 {[%clk 1:33:07]} 62. Bc3 {[%clk 0:04:22]}  Rf1+ {[%clk 1:33:26]} 63. Kg5 {[%clk 0:04:25]}  Rf3 {[%clk 1:33:36]} 64. Be1 {[%clk 0:04:10]}  Re3 {[%clk 1:33:55]} 65. Bf2 {[%clk 0:04:21]}  Rxe5+ {[%clk 1:34:05]} 66. Kf6 {[%clk 0:04:26]}  Re6+ {[%clk 1:34:11]} 67. Kg5 {[%clk 0:04:15]}  Re2 {[%clk 1:34:19]} 68. Bd4 {[%clk 0:03:51]}  Rd2 {[%clk 1:34:06]} 69. Bc3 {[%clk 0:03:59]}  Rd3 {[%clk 1:33:37]} 70. Be5 {[%clk 0:04:20]}  Re3 {[%clk 1:33:44]} 71. Kf4 {[%clk 0:04:23]}  Rf3+ {[%clk 1:33:34]} 72. Kg5 {[%clk 0:04:28]}  Be4 {[%clk 1:33:38]} 73. Kh6 {[%clk 0:03:30]}  Bd5 {[%clk 1:33:54]} 74. g4 {[%clk 0:03:45]}  Re3 {[%clk 1:33:57]} 75. Bf6 {[%clk 0:03:56]}  Rh3+ {[%clk 1:33:15]} 76. Kg5 {[%clk 0:03:52]}  Rg3 {[%clk 1:33:16]} 77. Kh5 {[%clk 0:03:48]}  Kf8 {[%clk 1:32:59]} 78. g5 {[%clk 0:03:47]}  Be4 {[%clk 1:31:55]} 79. Rb4 {[%clk 0:03:04]}  Bd5 {[%clk 1:31:46]} 80. Rf4 {[%clk 0:03:23]}  Kg8 {[%clk 1:32:06]} 81. g6 {[%clk 0:03:25]}  Rf3 {[%clk 1:31:44]} 82. Kg5 {[%clk 0:01:53]}  Rxf4 {[%clk 1:29:43]} 83. Kxf4 {[%clk 0:02:19]}  Kf8 {[%clk 1:29:32]} 84. Kf5 {[%clk 0:01:53]}  Ke8 {[%clk 1:29:20]} 85. g7 {[%clk 0:02:03]}  Kf7 {[%clk 1:29:41]} 86. Kg5 {[%clk 0:01:39]}  Kg8 {[%clk 1:29:15]} 87. Kg6 {[%clk 0:01:48]}  Be4+ {[%clk 1:29:15]} 88. Kg5 {[%clk 0:02:11]}  Bd5 {[%clk 1:29:31]} 89. Kf5 {[%clk 0:02:34]}  Kf7 {[%clk 1:29:48]} 90. Kg5 {[%clk 0:02:50]}  Kg8 {[%clk 1:29:46]} 91. Kf5 {[%clk 0:03:10]}  Kh7 {[%clk 1:30:13]} 92. Kg5 {[%clk 0:03:22]}  Be6 {[%clk 1:30:34]} 93. Kf4 {[%clk 0:03:34]}  Kg6 {[%clk 1:30:38]} 94. Bb2 {[%clk 0:03:06]}  Kf7 {[%clk 1:30:06]} 95. Kg5 {[%clk 0:03:11]}  c5 {[%clk 1:30:10]} 96. Kf4 {[%clk 0:03:21]}  Ke7 {[%clk 1:30:31]} 97. Ke5 {[%clk 0:03:24]}  c4 {[%clk 1:29:45]} 98. Ba3+ {[%clk 0:03:19]}  Kd7 {[%clk 1:29:43]} 99. Bb2 {[%clk 0:02:34]}  Bg8 {[%clk 1:29:59]} 100. Bc3 {[%clk 0:02:32]}  Ke7 {[%clk 1:30:19]} 101. Bd4 {[%clk 0:02:33]}  Kd7 {[%clk 1:29:57]} 102. Kf6 {[%clk 0:02:30]}  Kc6 {[%clk 1:30:15]} 103. Ke7 {[%clk 0:01:59]}  Kd5 {[%clk 1:30:31]} 104. Bf6 {[%clk 0:01:53]}  Ke4 {[%clk 1:30:46]} 105. Kf8 {[%clk 0:01:48]}  Bd5 {[%clk 1:30:51]} 106. g8=Q {[%clk 0:02:11]}  Bxg8 {[%clk 1:31:01]} 107. Kxg8 {[%clk 0:02:35]}  Kd3 {[%clk 1:31:22]} 108. Ba1 {[%clk 0:02:06]}  c3 {[%clk 1:31:36]} 0-1

[Event "45th FIDE Chess Olympiad Open"]
[Site "Budapest, Hungary"]
[Date "2024.09.20"]
[Round "9"]
[White "Suk Raj Monger"]
[Black "Hair, Justin M"]
[Result "1-0"]
[Board "355"]
[WhiteFideId "17500680"]
[BlackFideId "6800726"]
[WhiteElo "1821"]
[BlackElo "1725"]
[WhiteTeam "Bhutan"]
[BlackTeam "US Virgin Islands"]
[WhiteClock "0:14:44"]
[BlackClock "0:03:46"]
[Variant "Standard"]

1. e4 {[%clk 1:30:46]}  c5 {[%clk 1:30:36]} 2. Nf3 {[%clk 1:31:10]}  d6 {[%clk 1:30:49]} 3. d4 {[%clk 1:31:27]}  cxd4 {[%clk 1:31:08]} 4. Nxd4 {[%clk 1:31:52]}  Nf6 {[%clk 1:31:24]} 5. Nc3 {[%clk 1:32:09]}  g6 {[%clk 1:31:20]} 6. Be3 {[%clk 1:32:24]}  Bg7 {[%clk 1:31:17]} 7. Qd2 {[%clk 1:32:43]}  Ng4 {[%clk 1:30:14]} 8. f3 {[%clk 1:32:16]}  Nxe3 {[%clk 1:29:50]} 9. Qxe3 {[%clk 1:32:40]}  O-O {[%clk 1:29:12]} 10. Bc4 {[%clk 1:30:23]}  Bd7 {[%clk 1:28:41]} 11. O-O-O {[%clk 1:30:20]}  Nc6 {[%clk 1:28:13]} 12. Nde2 {[%clk 1:27:07]}  a6 {[%clk 1:20:59]} 13. Bb3 {[%clk 1:27:21]}  Rc8 {[%clk 1:20:00]} 14. g4 {[%clk 1:26:53]}  Na5 {[%clk 1:15:52]} 15. Kb1 {[%clk 1:27:08]}  Nxb3 {[%clk 1:14:39]} 16. cxb3 {[%clk 1:27:32]}  Qc7 {[%clk 1:13:28]} 17. h4 {[%clk 1:18:56]}  h6 {[%clk 1:08:03]} 18. Rc1 {[%clk 1:15:56]}  e6 {[%clk 0:56:33]} 19. f4 {[%clk 1:07:00]}  Qd8 {[%clk 0:38:58]} 20. Qd3 {[%clk 1:01:55]}  Bc6 {[%clk 0:37:27]} 21. Rcd1 {[%clk 0:56:10]}  Qf6 {[%clk 0:32:59]} 22. g5 {[%clk 0:54:09]}  Qd8 {[%clk 0:23:16]} 23. gxh6 {[%clk 0:53:47]}  Bxh6 {[%clk 0:22:35]} 24. h5 {[%clk 0:53:21]}  Kg7 {[%clk 0:17:21]} 25. hxg6 {[%clk 0:51:29]}  fxg6 {[%clk 0:17:08]} 26. Rdg1 {[%clk 0:27:01]}  e5 {[%clk 0:12:21]} 27. Qh3 {[%clk 0:18:24]}  Rh8 {[%clk 0:11:41]} 28. Rxg6+ {[%clk 0:16:41]}  Kxg6 {[%clk 0:10:33]} 29. Qf5+ {[%clk 0:17:05]}  Kg7 {[%clk 0:10:11]} 30. Rg1+ {[%clk 0:17:30]}  Bg5 {[%clk 0:08:03]} 31. Rxg5+ {[%clk 0:17:54]}  Qxg5 {[%clk 0:07:14]} 32. Qxg5+ {[%clk 0:18:14]}  Kf7 {[%clk 0:05:53]} 33. fxe5 {[%clk 0:16:26]}  Rh1+ {[%clk 0:05:09]} 34. Kc2 {[%clk 0:15:40]}  Bxe4+ {[%clk 0:05:08]} 35. Kd2 {[%clk 0:16:00]}  dxe5 {[%clk 0:04:38]} 36. Nxe4 {[%clk 0:15:45]}  Rg8 {[%clk 0:03:57]} 37. Qf6+ {[%clk 0:15:46]}  Ke8 {[%clk 0:03:50]} 38. Qxe5+ {[%clk 0:15:11]}  Kf8 {[%clk 0:03:59]} 39. Qf5+ {[%clk 0:15:15]}  Kg7 {[%clk 0:03:55]} 40. Qe5+ {[%clk 0:14:24]}  Kh6 {[%clk 0:03:52]} 41. Qf6+ {[%clk 0:14:28]}  Rg6 {[%clk 0:03:46]} 42. Qh8# {[%clk 0:14:44]} 1-0

[Event "45th FIDE Chess Olympiad Open"]
[Site "Budapest, Hungary"]
[Date "2024.09.20"]
[Round "9"]
[White "Smith, Michael"]
[Black "Lhundrup M Dorji"]
[Result "0-1"]
[Board "356"]
[WhiteFideId "6800092"]
[BlackFideId "17500664"]
[WhiteElo "1718"]
[BlackElo "1715"]
[WhiteTeam "US Virgin Islands"]
[BlackTeam "Bhutan"]
[WhiteClock "0:45:57"]
[BlackClock "0:34:30"]
[Variant "Standard"]

1. d4 {[%clk 1:30:56]}  Nf6 {[%clk 1:30:38]} 2. Nf3 {[%clk 1:31:05]}  e6 {[%clk 1:31:06]} 3. g3 {[%clk 1:30:05]}  c5 {[%clk 1:31:08]} 4. Bg2 {[%clk 1:29:25]}  Nc6 {[%clk 1:30:36]} 5. O-O {[%clk 1:28:32]}  d5 {[%clk 1:29:54]} 6. c4 {[%clk 1:23:13]}  dxc4 {[%clk 1:25:13]} 7. dxc5 {[%clk 1:21:22]}  Qxd1 {[%clk 1:18:34]} 8. Rxd1 {[%clk 1:21:45]}  Bxc5 {[%clk 1:18:50]} 9. Bf4 {[%clk 1:19:05]}  O-O {[%clk 1:14:56]} 10. Bd6 {[%clk 1:16:58]}  Rd8 {[%clk 1:13:32]} 11. Na3 {[%clk 1:14:58]}  Rxd6 {[%clk 1:12:34]} 12. Rxd6 {[%clk 1:13:56]}  Bxd6 {[%clk 1:13:02]} 13. Nxc4 {[%clk 1:14:10]}  Bc7 {[%clk 1:12:45]} 14. Rc1 {[%clk 1:12:48]}  Bd7 {[%clk 1:05:40]} 15. Ng5 {[%clk 1:10:51]}  h6 {[%clk 1:02:08]} 16. Ne4 {[%clk 1:10:23]}  Nxe4 {[%clk 0:49:37]} 17. Bxe4 {[%clk 1:10:19]}  Ne5 {[%clk 0:48:23]} 18. Bxb7 {[%clk 1:07:10]}  Rb8 {[%clk 0:48:43]} 19. Ba6 {[%clk 1:05:26]}  Nxc4 {[%clk 0:47:16]} 20. Rxc4 {[%clk 1:04:36]}  Ba5 {[%clk 0:42:22]} 21. Rc5 {[%clk 1:02:37]}  Bb6 {[%clk 0:42:12]} 22. Rc2 {[%clk 1:02:03]}  e5 {[%clk 0:40:31]} 23. Kf1 {[%clk 0:56:47]}  Bh3+ {[%clk 0:40:31]} 24. Ke1 {[%clk 0:57:09]}  Ba5+ {[%clk 0:40:40]} 25. Kd1 {[%clk 0:57:07]}  Rd8+ {[%clk 0:41:09]} 26. Kc1 {[%clk 0:57:17]}  Bf5 {[%clk 0:39:19]} 27. e4 {[%clk 0:52:40]}  Bxe4 {[%clk 0:38:08]} 28. Re2 {[%clk 0:52:22]}  Rd4 {[%clk 0:36:16]} 29. Bb5 {[%clk 0:49:13]}  f6 {[%clk 0:33:40]} 30. a3 {[%clk 0:47:22]}  Bf3 {[%clk 0:34:02]} 31. Rc2 {[%clk 0:45:57]}  Rd1# {[%clk 0:34:30]} 0-1

[Event "45th FIDE Chess Olympiad Open"]
[Site "Budapest, Hungary"]
[Date "2024.09.20"]
[Round "9"]
[White "Cottle, Brian S"]
[Black "Carbonell, Nicolas"]
[Result "1-0"]
[Board "358"]
[WhiteFideId "36100072"]
[BlackFideId "22003266"]
[WhiteTitle "CM"]
[WhiteElo "1804"]
[BlackElo "1798"]
[WhiteTeam "Saint Vincent and the Grenadines"]
[BlackTeam "Burkina Faso"]
[WhiteClock "0:43:57"]
[BlackClock "0:50:22"]
[Variant "Standard"]

1. c4 {[%clk 1:30:51]}  c5 {[%clk 1:30:57]} 2. Nc3 {[%clk 1:31:07]}  g6 {[%clk 1:31:04]} 3. g3 {[%clk 1:31:21]}  Nc6 {[%clk 1:31:18]} 4. Bg2 {[%clk 1:31:30]}  Bg7 {[%clk 1:31:45]} 5. e3 {[%clk 1:31:46]}  e6 {[%clk 1:31:48]} 6. Nge2 {[%clk 1:31:52]}  b6 {[%clk 1:30:04]} 7. O-O {[%clk 1:32:00]}  Nge7 {[%clk 1:30:10]} 8. d4 {[%clk 1:31:00]}  Bb7 {[%clk 1:28:55]} 9. d5 {[%clk 1:29:31]}  Na5 {[%clk 1:25:58]} 10. dxe6 {[%clk 1:25:49]}  fxe6 {[%clk 1:23:11]} 11. b3 {[%clk 1:25:32]}  Bxg2 {[%clk 1:21:23]} 12. Kxg2 {[%clk 1:26:00]}  O-O {[%clk 1:20:29]} 13. Bb2 {[%clk 1:26:12]}  d5 {[%clk 1:20:09]} 14. Nf4 {[%clk 1:15:03]}  Qd7 {[%clk 1:20:02]} 15. cxd5 {[%clk 1:14:24]}  exd5 {[%clk 1:20:18]} 16. Nfxd5 {[%clk 1:11:56]}  Rad8 {[%clk 1:17:40]} 17. Nxe7+ {[%clk 1:11:07]}  Qxe7 {[%clk 1:18:08]} 18. Qc2 {[%clk 1:10:59]}  Nc6 {[%clk 1:17:50]} 19. Rad1 {[%clk 1:00:31]}  Nb4 {[%clk 1:06:58]} 20. Qe2 {[%clk 0:56:33]}  Bxc3 {[%clk 1:01:56]} 21. Qc4+ {[%clk 0:52:49]}  Qf7 {[%clk 0:53:36]} 22. Qxc3 {[%clk 0:52:52]}  Qf3+ {[%clk 0:52:45]} 23. Kg1 {[%clk 0:53:12]}  Kf7 {[%clk 0:52:42]} 24. Qg7+ {[%clk 0:47:40]}  Ke6 {[%clk 0:49:55]} 25. Qe5+ {[%clk 0:43:58]}  Kf7 {[%clk 0:50:22]} 26. Qc7+ {[%clk 0:43:57]} 1-0

[Event "45th FIDE Chess Olympiad Open"]
[Site "Budapest, Hungary"]
[Date "2024.09.20"]
[Round "9"]
[White "Koumba, Mounguen Jose Evrard"]
[Black "Senglek, Khonsavanh"]
[Result "1/2-1/2"]
[Board "361"]
[WhiteFideId "645010"]
[BlackFideId "17700167"]
[WhiteElo "1957"]
[BlackElo "1591"]
[WhiteTeam "Gabon"]
[BlackTeam "Laos"]
[WhiteClock "0:21:32"]
[BlackClock "1:24:58"]
[Variant "Standard"]

1. e4 {[%clk 1:30:56]}  e6 {[%clk 1:30:38]} 2. d4 {[%clk 1:31:19]}  d5 {[%clk 1:31:01]} 3. Nc3 {[%clk 1:31:43]}  c5 {[%clk 1:30:52]} 4. Nf3 {[%clk 1:31:10]}  dxe4 {[%clk 1:30:50]} 5. Nxe4 {[%clk 1:31:31]}  cxd4 {[%clk 1:30:41]} 6. Bb5+ {[%clk 1:30:22]}  Bd7 {[%clk 1:30:26]} 7. Bxd7+ {[%clk 1:30:36]}  Qxd7 {[%clk 1:29:57]} 8. O-O {[%clk 1:29:58]}  Nc6 {[%clk 1:30:02]} 9. Bf4 {[%clk 1:30:02]}  Be7 {[%clk 1:27:36]} 10. Qd3 {[%clk 1:28:12]}  Nf6 {[%clk 1:27:24]} 11. Rad1 {[%clk 1:28:05]}  O-O {[%clk 1:25:36]} 12. c3 {[%clk 1:26:08]}  Nd5 {[%clk 1:22:13]} 13. Be5 {[%clk 1:20:14]}  f5 {[%clk 1:18:55]} 14. Ng3 {[%clk 1:13:58]}  dxc3 {[%clk 1:17:44]} 15. bxc3 {[%clk 1:14:05]}  Nxe5 {[%clk 1:17:47]} 16. Nxe5 {[%clk 1:14:13]}  Qc7 {[%clk 1:17:50]} 17. c4 {[%clk 1:05:26]}  Qxe5 {[%clk 1:16:51]} 18. cxd5 {[%clk 1:05:49]}  Qxd5 {[%clk 1:16:11]} 19. Qxd5 {[%clk 1:05:38]}  exd5 {[%clk 1:16:34]} 20. Rxd5 {[%clk 1:06:04]}  f4 {[%clk 1:16:47]} 21. Nf5 {[%clk 1:06:04]}  Bf6 {[%clk 1:16:51]} 22. Rfd1 {[%clk 1:03:59]}  Rad8 {[%clk 1:16:46]} 23. Nd6 {[%clk 1:03:54]}  Rd7 {[%clk 1:16:34]} 24. Nb5 {[%clk 1:02:33]}  Rxd5 {[%clk 1:16:40]} 25. Rxd5 {[%clk 1:02:56]}  a6 {[%clk 1:16:53]} 26. Nd4 {[%clk 1:01:43]}  Bxd4 {[%clk 1:16:50]} 27. Rxd4 {[%clk 1:02:07]}  Rc8 {[%clk 1:16:49]} 28. h3 {[%clk 1:02:06]}  Rc2 {[%clk 1:15:58]} 29. a4 {[%clk 1:01:27]}  Rc1+ {[%clk 1:14:58]} 30. Kh2 {[%clk 1:01:54]}  b5 {[%clk 1:14:41]} 31. axb5 {[%clk 0:54:34]}  axb5 {[%clk 1:14:48]} 32. Rxf4 {[%clk 0:54:57]}  Rb1 {[%clk 1:13:52]} 33. Kg3 {[%clk 0:55:00]}  b4 {[%clk 1:13:46]} 34. Kg4 {[%clk 0:45:45]}  b3 {[%clk 1:13:45]} 35. Rb4 {[%clk 0:46:01]}  b2 {[%clk 1:13:57]} 36. Kf5 {[%clk 0:46:14]}  Kf7 {[%clk 1:13:48]} 37. Rb7+ {[%clk 0:46:19]}  Ke8 {[%clk 1:14:01]} 38. h4 {[%clk 0:45:42]}  Kd8 {[%clk 1:13:26]} 39. h5 {[%clk 0:45:53]}  Rh1 {[%clk 1:06:15]} 40. Rxb2 {[%clk 0:46:06]}  Rxh5+ {[%clk 1:06:34]} 41. Ke6 {[%clk 0:46:04]}  g6 {[%clk 1:03:57]} 42. Kf7 {[%clk 0:33:18]}  Rh2 {[%clk 1:02:57]} 43. Rd2+ {[%clk 0:29:13]}  Kc7 {[%clk 1:03:04]} 44. f3 {[%clk 0:29:37]}  Kc6 {[%clk 1:02:19]} 45. Kf6 {[%clk 0:28:30]}  Kc7 {[%clk 1:01:06]} 46. Kg5 {[%clk 0:28:49]}  Rh5+ {[%clk 1:00:45]} 47. Kf4 {[%clk 0:29:04]}  Ra5 {[%clk 1:00:37]} 48. Kg4 {[%clk 0:20:31]}  Rc5 {[%clk 1:00:12]} 49. g3 {[%clk 0:20:22]}  Rf5 {[%clk 1:00:06]} 50. f4 {[%clk 0:18:34]}  Ra5 {[%clk 0:59:23]} 51. Rd3 {[%clk 0:18:22]}  Rb5 {[%clk 0:59:08]} 52. Kf3 {[%clk 0:18:37]}  Rb6 {[%clk 0:58:31]} 53. Ra3 {[%clk 0:18:17]}  Kd6 {[%clk 0:58:03]} 54. g4 {[%clk 0:18:14]}  Rb7 {[%clk 0:57:37]} 55. Ra6+ {[%clk 0:16:57]}  Ke7 {[%clk 0:57:53]} 56. Kg3 {[%clk 0:15:10]}  Kf7 {[%clk 0:58:10]} 57. Kh4 {[%clk 0:15:21]}  Kg7 {[%clk 0:57:59]} 58. f5 {[%clk 0:09:30]}  gxf5 {[%clk 0:58:08]} 59. gxf5 {[%clk 0:09:54]}  Kf7 {[%clk 0:57:29]} 60. Kg5 {[%clk 0:09:08]}  Kg7 {[%clk 0:56:42]} 61. Re6 {[%clk 0:07:48]}  Rc7 {[%clk 0:56:49]} 62. Rd6 {[%clk 0:06:53]}  Ra7 {[%clk 0:57:00]} 63. Rh6 {[%clk 0:01:21]}  Ra5 {[%clk 0:56:35]} 64. Rd6 {[%clk 0:01:05]}  Ra7 {[%clk 0:56:53]} 65. Re6 {[%clk 0:01:21]}  Rb7 {[%clk 0:57:06]} 66. Re8 {[%clk 0:30:13]}  Rf7 {[%clk 1:25:15]} 67. Re3 {[%clk 0:28:49]}  Ra7 {[%clk 1:25:14]} 68. Rh3 {[%clk 0:27:06]}  Ra5 {[%clk 1:25:15]} 69. Rg3 {[%clk 0:27:02]}  Rb5 {[%clk 1:24:55]} 70. Re3 {[%clk 0:27:04]}  Rb7 {[%clk 1:24:58]} 71. Re7+ {[%clk 0:21:32]} 1/2-1/2

[Event "45th FIDE Chess Olympiad Open"]
[Site "Budapest, Hungary"]
[Date "2024.09.21"]
[Round "10"]
[White "Gukesh D"]
[Black "Caruana, Fabiano"]
[Result "1-0"]
[Board "1"]
[WhiteFideId "46616543"]
[BlackFideId "2020009"]
[WhiteTitle "GM"]
[BlackTitle "GM"]
[WhiteElo "2764"]
[BlackElo "2798"]
[WhiteTeam "India"]
[BlackTeam "United States of America"]
[WhiteClock "0:22:11"]
[BlackClock "0:28:24"]
[Variant "Standard"]

1. d4 {[%clk 1:30:55]}  Nf6 {[%clk 1:30:56]} 2. c4 {[%clk 1:31:20]}  e6 {[%clk 1:31:23]} 3. g3 {[%clk 1:31:44]}  d5 {[%clk 1:31:26]} 4. Bg2 {[%clk 1:32:07]}  Nc6 {[%clk 1:31:44]} 5. Nf3 {[%clk 1:30:01]}  Rb8 {[%clk 1:31:50]} 6. cxd5 {[%clk 1:16:45]}  Bb4+ {[%clk 1:32:05]} 7. Nc3 {[%clk 1:16:54]}  exd5 {[%clk 1:32:26]} 8. Bg5 {[%clk 1:14:20]}  h6 {[%clk 1:28:40]} 9. Bxf6 {[%clk 1:14:40]}  Qxf6 {[%clk 1:28:54]} 10. O-O {[%clk 1:11:43]}  Bxc3 {[%clk 1:26:50]} 11. bxc3 {[%clk 1:12:07]}  O-O {[%clk 1:27:10]} 12. Nd2 {[%clk 1:08:02]}  Ne7 {[%clk 1:21:45]} 13. e3 {[%clk 1:06:07]}  Be6 {[%clk 1:10:04]} 14. Qa4 {[%clk 0:53:44]}  a6 {[%clk 1:07:59]} 15. e4 {[%clk 0:50:01]}  c5 {[%clk 0:46:39]} 16. Qa3 {[%clk 0:49:25]}  b6 {[%clk 0:43:56]} 17. Rab1 {[%clk 0:38:39]}  Rfe8 {[%clk 0:27:41]} 18. dxc5 {[%clk 0:26:48]}  d4 {[%clk 0:26:40]} 19. c4 {[%clk 0:14:53]}  Qg5 {[%clk 0:24:25]} 20. Rfd1 {[%clk 0:14:32]}  bxc5 {[%clk 0:21:10]} 21. f4 {[%clk 0:14:17]}  Qh5 {[%clk 0:18:45]} 22. f5 {[%clk 0:14:10]}  Rxb1 {[%clk 0:13:00]} 23. Rxb1 {[%clk 0:14:38]}  Qe2 {[%clk 0:13:14]} 24. fxe6 {[%clk 0:11:30]}  Qxd2 {[%clk 0:13:39]} 25. exf7+ {[%clk 0:08:39]}  Kxf7 {[%clk 0:14:06]} 26. Qxc5 {[%clk 0:07:47]}  Kg8 {[%clk 0:13:29]} 27. Rf1 {[%clk 0:07:40]}  Kh7 {[%clk 0:12:17]} 28. Qe5 {[%clk 0:03:42]}  Qe3+ {[%clk 0:10:48]} 29. Kh1 {[%clk 0:04:10]}  d3 {[%clk 0:11:13]} 30. Bh3 {[%clk 0:03:06]}  d2 {[%clk 0:06:30]} 31. Bg4 {[%clk 0:03:24]}  Qd3 {[%clk 0:06:24]} 32. Kg2 {[%clk 0:03:43]}  Qxc4 {[%clk 0:06:48]} 33. a4 {[%clk 0:02:09]}  Qc6 {[%clk 0:04:34]} 34. Qd4 {[%clk 0:01:38]}  Qg6 {[%clk 0:03:37]} 35. Rf4 {[%clk 0:00:51]}  Qg5 {[%clk 0:01:43]} 36. h4 {[%clk 0:00:54]}  Qg6 {[%clk 0:00:48]} 37. Qxd2 {[%clk 0:01:22]}  Rb8 {[%clk 0:00:55]} 38. Qd7 {[%clk 0:00:49]}  h5 {[%clk 0:00:38]} 39. Be6 {[%clk 0:00:34]}  Rb6 {[%clk 0:00:36]} 40. Bf7 {[%clk 0:00:34]}  Qd6 {[%clk 0:00:59]} 41. Qxd6 {[%clk 0:28:43]}  Rxd6 {[%clk 0:31:26]} 42. Bxh5 {[%clk 0:28:56]}  Nc6 {[%clk 0:31:32]} 43. Be2 {[%clk 0:22:48]}  a5 {[%clk 0:30:09]} 44. Bb5 {[%clk 0:22:04]}  Ne5 {[%clk 0:28:06]} 45. Rf5 {[%clk 0:22:12]}  Re6 {[%clk 0:28:24]} 46. Kf2 {[%clk 0:22:11]} 1-0

[Event "45th FIDE Chess Olympiad Open"]
[Site "Budapest, Hungary"]
[Date "2024.09.21"]
[Round "10"]
[White "So, Wesley"]
[Black "Praggnanandhaa R"]
[Result "1-0"]
[Board "2"]
[WhiteFideId "5202213"]
[BlackFideId "25059530"]
[WhiteTitle "GM"]
[BlackTitle "GM"]
[WhiteElo "2752"]
[BlackElo "2750"]
[WhiteTeam "United States of America"]
[BlackTeam "India"]
[WhiteClock "0:28:20"]
[BlackClock "0:30:20"]
[Variant "Standard"]

1. e4 {[%clk 1:30:57]}  e5 {[%clk 1:30:23]} 2. Nf3 {[%clk 1:30:30]}  Nc6 {[%clk 1:30:47]} 3. Bc4 {[%clk 1:30:51]}  Bc5 {[%clk 1:31:12]} 4. O-O {[%clk 1:30:38]}  Nf6 {[%clk 1:31:36]} 5. d3 {[%clk 1:31:04]}  d6 {[%clk 1:31:56]} 6. c3 {[%clk 1:31:29]}  a6 {[%clk 1:32:22]} 7. a4 {[%clk 1:31:36]}  Ba7 {[%clk 1:32:45]} 8. Nbd2 {[%clk 1:31:58]}  O-O {[%clk 1:29:11]} 9. h3 {[%clk 1:32:20]}  Be6 {[%clk 1:27:43]} 10. Bxe6 {[%clk 1:32:08]}  fxe6 {[%clk 1:28:11]} 11. b4 {[%clk 1:32:32]}  Qe8 {[%clk 1:26:37]} 12. Ra2 {[%clk 1:22:54]}  Nh5 {[%clk 1:15:07]} 13. Nc4 {[%clk 1:16:25]}  Nf4 {[%clk 1:04:02]} 14. b5 {[%clk 1:09:55]}  Nb8 {[%clk 0:55:37]} 15. Kh2 {[%clk 0:42:17]}  Nd7 {[%clk 0:53:38]} 16. g3 {[%clk 0:42:16]}  Ng6 {[%clk 0:52:36]} 17. bxa6 {[%clk 0:37:43]}  bxa6 {[%clk 0:52:54]} 18. Kg2 {[%clk 0:37:37]}  d5 {[%clk 0:44:45]} 19. Ncd2 {[%clk 0:35:37]}  Nf6 {[%clk 0:41:26]} 20. Re1 {[%clk 0:34:34]}  Rd8 {[%clk 0:31:52]} 21. Qe2 {[%clk 0:30:54]}  Qc6 {[%clk 0:29:21]} 22. c4 {[%clk 0:29:43]}  Rf7 {[%clk 0:27:51]} 23. cxd5 {[%clk 0:27:12]}  exd5 {[%clk 0:28:15]} 24. Nf1 {[%clk 0:27:15]}  h6 {[%clk 0:25:32]} 25. N1h2 {[%clk 0:20:58]}  Rfd7 {[%clk 0:22:15]} 26. a5 {[%clk 0:20:58]}  dxe4 {[%clk 0:13:15]} 27. dxe4 {[%clk 0:21:25]}  Rd3 {[%clk 0:11:56]} 28. Rd2 {[%clk 0:18:08]}  Qb5 {[%clk 0:11:59]} 29. Rxd3 {[%clk 0:17:31]}  Rxd3 {[%clk 0:11:20]} 30. Qc2 {[%clk 0:15:43]}  Rd7 {[%clk 0:07:10]} 31. Qa2+ {[%clk 0:10:57]}  Kh7 {[%clk 0:07:33]} 32. Qe6 {[%clk 0:10:22]}  Qxa5 {[%clk 0:04:06]} 33. Qf5 {[%clk 0:06:01]}  Qa2 {[%clk 0:02:05]} 34. Rf1 {[%clk 0:06:01]}  Re7 {[%clk 0:01:58]} 35. Bxh6 {[%clk 0:04:22]}  gxh6 {[%clk 0:02:10]} 36. Qxf6 {[%clk 0:04:42]}  Qe6 {[%clk 0:00:57]} 37. Ng4 {[%clk 0:03:56]}  a5 {[%clk 0:00:32]} 38. Qf5 {[%clk 0:03:30]}  Kg7 {[%clk 0:00:31]} 39. Qh5 {[%clk 0:02:44]}  Nh8 {[%clk 0:00:47]} 40. Nh4 {[%clk 0:02:32]}  Kh7 {[%clk 0:30:20]} 41. Nxh6 {[%clk 0:28:20]} 1-0